Estatísticas para Os 15 principais países afetados pela Covid-19 - 14 mar 2021

Clique aqui para jogar o quiz

Estatísticas Gerais

  • Esse quiz foi jogado 14 vezes
  • A pontuação média é 20 de 28

Estatísticas das Respostas

país% Correto
Argentina
100%
Bélgica
100%
Brasil
100%
Espanha
100%
Estados Unidos
100%
França
100%
Itália
100%
México
100%
Portugal
100%
Reino Unido
100%
Rússia
100%
Alemanha
83%
Colômbia
83%
Índia
83%
Suécia
83%
Suíça
83%
Irão
67%
Polônia
67%
Eslovénia
50%
Países Baixos
50%
Panamá
50%
Turquia
50%
Bahrein
33%
Estônia
33%
Israel
33%
Lituânia
33%
Chequia
17%
Geórgia
0%

Distribuição das Pontuações

Percentil de Números Respondidos

Porcentagem de Pessoas com Cada Pontuação

Sua Pontuação Histórica

Você não jogou esse quiz